2+ Consonant-Ending Countries Quiz Stats

 Plays Quiz Updated Jul 2, 2018

Challenge
Share
Tweet
Embed
Score 0/14 Timer 05:00
3 Plays Today
Country % Correct
Finland
84.8%
Iceland
82.7%
Ireland
81.4%
Denmark
74.2%
New Zealand
74%
Poland
72.4%
Switzerland
71.8%
Country % Correct
Egypt
68.5%
Netherlands
68%
Thailand
65.1%
Luxembourg
54.9%
Marshall Islands
49.5%
Solomon Islands
46.6%
Bangladesh
43.3%

You're not logged in!

Compare scores with friends on all Sporcle quizzes.
OR
Log In

You Might Also Like...

Show Comments

Extras

Top Quizzes Today


Score Distribution

Your Account Isn't Verified!

In order to create a playlist on Sporcle, you need to verify the email address you used during registration. Go to your Sporcle Settings to finish the process.

Report this User

Report this user for behavior that violates our Community Guidelines.

Details: